LEADER 01037nam a2200253 i 4500 001 000000200930 003 CaOOAMICUS 005 20110415000000.0 008 110415s1972 fr u000 u fre u 013 $a179631 040 $aSeMil$bita 100 1 $aSmolen, Kazimierz.$0(OLS)http://semarc/name/71842 245 10$aAuschwitz, 1940-1945 :$bguide de musée /$cKazimierz Smolen. 250 $aQuatrième édition. 260 $aOswiecim :$bEdition du Musée d'Etat à Oswiecim,$c1972. 300 $a120 p. :$bricc. ill. ;$c19 cm. 500 $aFondo Card. Giovanni Colombo. 650 4$aCampi di concentramento - Polonia - Auschwitz.$0(OLS)http://semarc/subject/51064 850 $aSeMil 852 $aSeMil$W1$xVenegono$y1$m5D IX 13/40$j151459$B151459$CSeMilBibl$Z2$F162680 $81 941 1 $a3 961 $aLascito: Colombo Card. Giovanni 996 $6245$aAuschwitz, 1940-1945 :$bguide de musée$9(OLS)http://semarc/title/290680 996 $6260$aOswiecim :$bEdition du Musée d'Etat à Oswiecim$9(OLS)http://semarc/publisher/51542 LEADER 01182nam a2200265 i 4500 001 000000076501 003 CaOOAMICUS 005 20230918142522.0 008 151209s1887 it u000 u ita u 013 $a47673 040 $aSeMil$bita 245 10$aCodice necrologico-liturgico del monastero di S. Salvatore o S. Giulia in Brescia /$ctrascritto ed illustrato da Andrea Valentini. 260 $aBrescia :$bTipografia F. Apollonio,$c1887. 300 $a328 p., [4] c. di tav. :$bfacs. ;$c34 cm. 500 $aFondo Bidoglio. 650 4$aBrescia - Monastero di Santa Giulia.$0(OLS)http://semarc/subject/9868 650 4$aBrescia - Monastero di San Salvatore.$0(OLS)http://semarc/subject/54410 700 1 $aValentini, Andrea.$0(OLS)http://semarc/name/37697 850 $aSeMil 852 $aSeMil$W1$xVenegono$y1$m3K VI 9 FA$j42653$B42653$CSeMilBibl$Z2$F43157 $8I 941 1 $a2 961 $aLascito: Bidoglio don Maurizio 996 $6245$aCodice necrologico-liturgico del monastero di S. Salvatore o S. Giulia in Brescia$9(OLS)http://semarc/title/124017 996 $6260$aBrescia :$bTipografia F. Apollonio$9(OLS)http://semarc/publisher/43304